000 00542nam a22001697i 4500
999 _c23346
_d23346
003 AR-CdUCM
008 250804b20192018 pe||||| |||| 00| 0 spa d
040 _aMUNICIPALIDAD PROVINCIAL DEL CUSCO
_cBIBLIOTECA MUNICIPAL DEL CUSCO
041 _hspa
082 _a869.570 / E2
_bE2
100 _aValdivia Gallegos, Alberto
_951321
245 _aEncuentro de tres :
_bNarradores sicuaneños contemporáneos /
260 _aCusco :
_bINKARI EDITORES
_c2018
300 _a50 páginas. :
_c19X13 CM.
942 _2ddc
_cLIBROS
945 _apbjr
_d4-08-2025